LEADER 00842nam a2200253 i 4500 001 991001237689707536 008 110530s1985 uk 001 0 eng 020 $a0413534707 035 $ab13982771-39ule_inst 040 $aDip.to SSC$bita 082 04$a791.4302330924 100 1 $aLeyda, Jay$0193040 245 10$aEisenstein at work /$cJay Leyda e Zina Voynow ; introduction by Ted Perry 260 $aLondon :$bMethuen,$c1985 300 $a161 p. ;$c28 cm. 650 4$aEinstein, Sergei 700 1 $aEisenstein, Sergei 700 1 $aVoinow, Zina 907 $a.b13982771$b30-05-11$c30-05-11 912 $a991001237689707536 945 $aLE021 CG27A14$g1$lle021$o-$pE0.00$q-$rn$so $t0$u0$v0$w0$x0$y.i15274482$z30-05-11 996 $aEisenstein at work$9246287 997 $aUNISALENTO 998 $ale021$b30-05-11$cm$da $e-$feng$guk $h0$i0 LEADER 01905nas 2200505 c 450 001 9910898652703321 005 20260218113153.0 024 7 $aurn:nbn:de:hbz:061:3-8196 035 $a(DE-599)ZDB2618020-0 035 $a(OCoLC)863099733 035 $a(DE-101)1013443829 035 $a(CKB)5710000000292488 035 $a(DE-599)2618020-0 035 $a(EXLCZ)995710000000292488 100 $a20110711b20092009 |y | 101 0 $ager 135 $aur||||||||||| 181 $ctxt$2rdacontent 182 $cc$2rdamedia 183 $acr$2rdacarrier 200 10$aStatistische Berichte / Information und Technik Nordrhein-Westfalen, Gescha?ftsbereich Statistik$hE$hIV$iHandwerk in Nordrhein-Westfalen : Messzahlen u?ber Bescha?ftigte und Umsatz nach Gewerbezweigen ; Ergebnisse der viertelja?hrlichen Handwerksberichterstattung 210 31$aDu?sseldorf$cInformation und Technik Nordrhein-Westfalen, Gescha?ftsbereich Statistik$d2009-2009 215 $aOnline-Ressource 300 $aGesehen am 26.08.13 517 1 $aStatistische Berichte / E / 4 517 1 $aHandwerk in NRW - Messzahlen u?ber Bescha?ftigte und Umsatz nach Gewerbezweigen 606 $aHandwerk$3(DE-588)4023299-2$3https://d-nb.info/gnd/4023299-2$3(DE-101)040232999$9rswk-swf$2gnd 606 $aGewerbe$3(DE-588)4133849-2$3https://d-nb.info/gnd/4133849-2$3(DE-101)041338499$9rswk-swf$2gnd 607 $aNordrhein-Westfalen$9rswk-swf$2gnd 608 $aZeitschrift$2gnd-content 608 $aStatistik$2gnd-content 608 $aOnline-Publikation$9rswk-swf$2gnd 615 7$aHandwerk. 615 7$aGewerbe. 676 $a310 676 $a330 686 $aNordrhein-Westfalen$2nwbib 686 $aHandwerk$2nwbib 801 0$b0061 801 1$bDE-101 801 2$b9999 906 $aJOURNAL 912 $a9910898652703321 996 $aStatistische Berichte$91920339 997 $aUNINA